=LDR 00000nam 2200000 4500 =001 INLIS000000000024270 =005 20130612122853 =008 ***********************************Ind** =035 ##$$0010-061300000024270 =041 ##$$a Ind =082 ##$$a 028.5 =090 ##$$a 025.5, Nuk a =100 ##$$a Nukman, Eva Yulia =245 ##$$a Aku senang sekolah, i love going to school, Eva yulia Nukman =260 ##$$a 2003 $b Bandung =300 ##$$a 23 hlm, ilus, 18 cm =650 ##$$a Bacaan kanak-kanak =850 ##$$a NBPNMAT